Statistics for Country by National Dish #2

Click here to take the quiz!

General Stats

  • This quiz has been taken 29 times
  • The average score is 8 of 10

Answer Stats

National DishCountry% Correct
SchnitzelGermany
100%
RamenJapan
97%
Pad ThaiThailand
97%
Tortilla de tapatasSpain
93%
FritesBelgium
90%
Tandoori ChickenIndia
90%
BorschtRussia | Ukraine
90%
EmpenadasArgentina
66%
PupusaEl Salvador
24%
BeshbarmakKazakhstan
21%

Score Distribution

Percentile by Number Answered

Percent of People with Each Score

Your Score History

You have not taken this quiz